| 000 | 01113cab a22002415a 4500 | ||
|---|---|---|---|
| 001 | L149744 | ||
| 008 | 100421e20100421xxk 000 0 eng d | ||
| 035 | _a(Sirsi) u149744 | ||
| 041 | 0 | _aeng | |
| 100 | 1 | _aCunningham, David | |
| 245 | 0 | 0 | _aFocus Lancashire and Cumbria |
| 260 | _c2010 | ||
| 490 |
_aEstates Gazette _v(1015) 17 April 2010, 73-83(10) |
||
| 520 | _aPlans to boost tourism and regeneration in Blackpool with the Council investing in leisure attractions such as Blackpool Tower and the Winter Gardens and regeneration of Talbot Gateway area. Scrutinises the Lancaster Castle View Centros Miller's retail development scheme. Compares regeneration policies between Lancastershire and Cumbria. Overview of prime office and industrial rents, take up, availability and retail rents zone A in Carlisle, Burnley, Blackpool, Lancaster, Blackburn and Preston. | ||
| 590 | _aKA | ||
| 651 | 4 | _aLancashire | |
| 651 | 4 | _aCumbria | |
| 690 | _aPROPERTY-COMMERCIAL PROPERTY-COMMERCIAL PROPERTY MARKET | ||
| 700 | 1 | _aThame, David | |
| 700 | 1 | _aDay, Karen | |
| 700 | 1 | _aSmith, Melanie | |
| 942 | _n0 | ||
| 999 |
_c82269 _d82269 |
||